Name the U.S State former capitals - Statistics

General Stats
  • This quiz has been taken 14 times
  • The average score is 11 of 24
Answer Stats
State Former Capital % Correct
Georgia Savannah, Macon, Milledgeville
92%
Tennessee Knoxville, Kingston, Murfreesboro
85%
Louisiana New Orleans, Donaldsonville, Opelousas
85%
New York New York City, Hurley, Poughkeepsie, Kingston
85%
Pennsylvania Philadelphia, Lancaster
85%
New Jersey Burlington, Perth Amboy
77%
Alabama Cahawba,Tuscaloosa, Huntsville
77%
South Carolina Charleston
77%
Michigan Detroit
77%
Iowa Iowa City
69%
Virginia Williamsburg, Alexandria
69%
California San Jose, Benicia, Monterey, Vallejo
54%
Rhode Island Newport, East Greenwich, Bristol, and South Kingstown
46%
West Virginia Wheeling
46%
Ohio Chillicothe, Zanesville
23%
Mississippi Washington, Natchez
23%
Illinois Kaskaskia, Vandalia
15%
North Carolina New Bern
15%
Delaware New Castle
15%
Missouri St Charles
15%
New Hampshire Exeter
8%
Indiana Corydon
0%
Oklahoma Guthrie
0%
Vermont Windsor
0%
No matching quizzes found
Score Distribution
Percent of People with Each Score
Percentile by Number Answered
Your Score History
You have not taken this quiz